| 000 | 01016nam a2200289 i 4500 | ||
|---|---|---|---|
| 001 | bg | ||
| 100 | 1 | _aNIEDZIELSKI, Eugeniusz. | |
| 245 | 1 | 0 |
_aZarządzanie firmą : _bpodręcznik dla liceum, technikum i szkoły policealnej w zawodach rolnych i gospodarki żywnościowej / _cEugeniusz Niedzielski, Anna Łapińska. |
| 260 |
_aWarszawa : _bWydawnictwa Szkolne i Pedagogiczne, _c1999. |
||
| 300 |
_a148, [2] s. : _b3 faks., 2 wykr. ; _c24 cm. |
||
| 490 | 1 | _aAgrobiznes | |
| 504 | _aBibliogr. s. 88, [150]. | ||
| 521 | _aDo nauczania przedmiotu Zarządzanie firmą. | ||
| 650 | 9 | _aRachunkowość | |
| 650 | 9 | _aZarządzanie | |
| 655 | _aPodręczniki dla szkół zawodowych | ||
| 700 | 1 | _aŁAPIŃSKA, Anna. | |
| 830 | _aAgrobiznes | ||
| 020 | _a8302071757 | ||
| 040 | _cBPK | ||
| 041 | 0 | _apl | |
| 080 | _a658.1/.5.012:657](075.3) | ||
| 920 | _a83-02-07175-7 | ||
| 942 | _cKS | ||
| 008 | s pl f |000 0 pol | ||
| 999 |
_c40148 _d40148 |
||
| 856 |
_uhttp://koha.tu.koszalin.pl/cgi-bin/koha/opac-detail.pl?biblionumber=40148 _yKatalog online BPK |
||